| 000 | 00393nam a2200169Ia 4500 | ||
|---|---|---|---|
| 005 | 20250423100116.0 | ||
| 008 | 250422s9999 xx 000 0 und d | ||
| 020 | _a0- 324- 20140- 0 | ||
| 050 | _aHF 5415.13 .M3586/ | ||
| 100 | _aFerell, O. C. | ||
| 245 | 0 | _aMarketing strategy | |
| 250 | _a3rd ed. | ||
| 260 | _bThomson Brooks/ cole | ||
| 260 | _c2005 | ||
| 300 | _a628 p | ||
| 942 | _cBK | ||
| 999 |
_c32309 _d32309 |
||